000 00616nam a22001577a 4500
003 OSt
005 20161022140253.0
008 161022b xxu||||| |||| 00| 0 eng d
040 _cRUA
082 _aVEM THO 2015 B505 Or.1
100 _910837
_aTHORN SAVANN
245 _aSurvey on sow diseases in lactation period at pich mony's farm; ការអង្កេតលើជម្ងឺមេជ្រូកបំបៅកូននៅកសិដ្ឋានចិញ្ចឹមជ្រូកពេជ្យ មុន្នី
260 _aPhnom Penh
_bRUA
_c2015
300 _ax;31p;
_bill
_c29cm
942 _2ddc
_cVEM
999 _c10432
_d10432